<?xml version="1.0" encoding="UTF-8"?>
<collection xmlns="http://www.loc.gov/MARC21/slim">
 <record>
  <leader>01396pam a22002778a 4500</leader>
  <controlfield tag="001">00017104</controlfield>
  <controlfield tag="005">20171026081022.0</controlfield>
  <controlfield tag="008">110418s2001                  ||||||Viesd</controlfield>
  <datafield tag="041" ind1="0" ind2="#">
   <subfield code="a">Vie</subfield>
  </datafield>
  <datafield tag="082" ind1="1" ind2="4">
   <subfield code="a">512.9</subfield>
   <subfield code="b">GI108TR</subfield>
  </datafield>
  <datafield tag="100" ind1="0" ind2="#">
   <subfield code="a">Nguyễn Xuân Tuyến</subfield>
  </datafield>
  <datafield tag="245" ind1="0" ind2="0">
   <subfield code="a">Giáo trình cơ sở đại số hiện đại</subfield>
   <subfield code="c">Nguyễn Xuân Tuyến; Lê Văn Tuyết</subfield>
  </datafield>
  <datafield tag="260" ind1="#" ind2="#">
   <subfield code="a">H.</subfield>
   <subfield code="b">Giáo dục</subfield>
   <subfield code="c">2001</subfield>
  </datafield>
  <datafield tag="300" ind1="#" ind2="#">
   <subfield code="a">155 tr.</subfield>
   <subfield code="c">21 cm.</subfield>
  </datafield>
  <datafield tag="653" ind1="#" ind2="#">
   <subfield code="a">Cấu trúc</subfield>
  </datafield>
  <datafield tag="653" ind1="#" ind2="#">
   <subfield code="a">Cơ sở của đại số</subfield>
  </datafield>
  <datafield tag="653" ind1="#" ind2="#">
   <subfield code="a">Hàm tử</subfield>
  </datafield>
  <datafield tag="653" ind1="#" ind2="#">
   <subfield code="a">Đại số phổ dụng</subfield>
  </datafield>
  <datafield tag="653" ind1="#" ind2="#">
   <subfield code="a">Phạm trù</subfield>
  </datafield>
  <datafield tag="700" ind1="0" ind2="#">
   <subfield code="a">Lê Văn Thuyết</subfield>
  </datafield>
  <datafield tag="852" ind1="#" ind2="#">
   <subfield code="b">Kho giáo trình</subfield>
   <subfield code="j">KGT.0004376, KGT.0004377, KGT.0004378, KGT.0004379, KGT.0004380, KGT.0004381, KGT.0004382, KGT.0004383, KGT.0004384, KGT.0004385, KGT.0004386, KGT.0004387, KGT.0004388, KGT.0004389, KGT.0004390, KGT.0004391, KGT.0004392, KGT.0004393, KGT.0004394</subfield>
  </datafield>
  <datafield tag="852" ind1="#" ind2="#">
   <subfield code="b">Kho mượn</subfield>
   <subfield code="j">KGT.0004376</subfield>
  </datafield>
  <datafield tag="852" ind1="#" ind2="#">
   <subfield code="j">KD.0002465</subfield>
   <subfield code="j">KGT.0004376</subfield>
   <subfield code="j">KGT.0004378</subfield>
   <subfield code="j">KGT.0004379</subfield>
   <subfield code="j">KGT.0004381</subfield>
   <subfield code="j">KGT.0004383</subfield>
   <subfield code="j">KGT.0004384</subfield>
   <subfield code="j">KGT.0004386</subfield>
   <subfield code="j">KGT.0004387</subfield>
   <subfield code="j">KGT.0004389</subfield>
   <subfield code="j">KGT.0004390</subfield>
   <subfield code="j">KGT.0004392</subfield>
   <subfield code="j">KGT.0004393</subfield>
   <subfield code="j">KGT.0004377</subfield>
   <subfield code="j">KGT.0004380</subfield>
   <subfield code="j">KGT.0004382</subfield>
   <subfield code="j">KGT.0004385</subfield>
   <subfield code="j">KGT.0004388</subfield>
   <subfield code="j">KGT.0004391</subfield>
  </datafield>
  <datafield tag="852" ind1="#" ind2="#">
   <subfield code="b">Kho đọc</subfield>
   <subfield code="j">KD.0002465</subfield>
  </datafield>
  <datafield tag="910" ind1=" " ind2=" ">
   <subfield code="d">18/04/2011</subfield>
  </datafield>
  <datafield tag="980" ind1="#" ind2="#">
   <subfield code="a">Trung tâm Học liệu Lê Vũ Hùng, Trường Đại học Đồng Tháp</subfield>
  </datafield>
 </record>
</collection>
